000 00252nam a2200109Ia 4500
008 230312s9999||||xx |||||||||||||| ||und||
082 _a338.91
_bCLA-I
100 _aClark ephraim
245 0 _aInternational finance
650 _aManagement
942 _cBK
999 _c14626
_d14626